| 000 | 02857nam a22002417a 4500 | ||
|---|---|---|---|
| 001 | 79495 | ||
| 003 | UA-OsUOA | ||
| 005 | 20240111124455.0 | ||
| 007 | ta | ||
| 008 | 20111110b un ||||| |||| 00| 0 ukr d | ||
| 040 |
_aUA-OsUOA _cUA-OsUOA _dUA-OsUOA |
||
| 080 | _a908:94(477.8)(082) | ||
| 090 |
_a908:94(477.8)(082) _bВ70 |
||
| 245 |
_aВолынь: историческія судьбы Юго-Западнаго края _cиздатель П. Н. Батюшков |
||
| 250 | _aрепринтне вид. 1988 р. | ||
| 260 |
_aСПб. _bТип. "Общественная Польза" |
||
| 300 | _a488 с. | ||
| 520 | _aВторая книга, подготовленная профессором Киевской духовной академии Н.И. Петровым, в цикле публикаций по истории русского Запада, предпринятых издателем П.Н. Батюшковым в 1887-1890 гг. По замыслу автора: «В настоящее время к числу важнейших задач русского государства и общества в отношении к Волыни относится и та, чтобы представить в ясном свете коренные начала русской народности и православия, развивавшиеся на Волыни в первый период ее истории, обозначить сторонние и наружные наслоения на коренной пласт местного русского населения, наложенные на него литовским и особенно польским владычеством, и ослабить их действие , и, наконец, провести в сознание различных слоев местного населения мысль о необходимости и неизбежности полнейшего объединения этой окраины России с другими коренными ее частями». Выпуск издания был приурочен к девятисотлетию Крещения Руси. Посвящая свой труд этому событию Н.И. Петров, сообщает читателям, что « в книге излагаются только такие события из жизни Волыни, которые содействовали или препятствовали развитию русской народности и православия, и опускаются события, не имеющие отношения к этой цели». | ||
| 650 | 7 |
_a908 Краєзнавство _2UDC |
|
| 856 | 4 | 0 | _uhttp://resource.history.org.ua/item/0013349 |
| 942 |
_cBK _2udc |
||
| 955 | _a2 | ||
| 999 |
_c365817 _d365817 |
||